Southville International School and Colleges
Your cart is empty.
  • Cart
  • Lists
    Public lists Eva Luna New books Lux_list list_1
    Your lists Log in to create your own lists
  • Log in to your account
  • Your cookies
  • Search history
Southville International School and Colleges
  • Advanced search
  • Recent comments
  • Most popular
  • Libraries

Log in to your account

Log in with GOOGLE


If you do not have an external account, but do have a local account, you can still log in:

  1. Home
  2. MARC view: Medical-surgical nursing :
Normal view MARC view ISBD view

Medical-surgical nursing : (Record no. 283811)

[ view plain ]
MARC details
000 -LEADER
fixed length control field 00608nam a2200193Ia 4500
003 - CONTROL NUMBER IDENTIFIER
control field PILC
005 - DATE AND TIME OF LATEST TRANSACTION
control field 20150909104023.0
008 - FIXED-LENGTH DATA ELEMENTS--GENERAL INFORMATION
fixed length control field 140609s9999 xx 000 0 und d
020 ## - INTERNATIONAL STANDARD BOOK NUMBER
International Standard Book Number 9789812721372
050 ## - LIBRARY OF CONGRESS CALL NUMBER
Classification number RT 41
Item number .M488 2008
245 ## - TITLE STATEMENT
Title Medical-surgical nursing :
Remainder of title assessment and management of clinical problems /
Statement of responsibility, etc Sharon L. Lewis [and 4 others].
250 ## - EDITION STATEMENT
Edition statement 7th edition.
260 ## - PUBLICATION, DISTRIBUTION, ETC. (IMPRINT)
Place of publication, distribution, etc Singapore :
Name of publisher, distributor, etc Elsevier,
Date of publication, distribution, etc 2008.
300 ## - PHYSICAL DESCRIPTION
Extent 924 pages :
Other physical details illustrations ;
Dimensions 26 cm.
500 ## - GENERAL NOTE
General note Includes bibliographical references.
650 ## - SUBJECT ADDED ENTRY--TOPICAL TERM
Topical term or geographic name as entry element Surgical nursing.
942 ## - ADDED ENTRY ELEMENTS (KOHA)
Koha item type Books
Source of classification or shelving scheme Library of Congress Classification
Holdings
Withdrawn status Lost status Source of classification or shelving scheme Materials specified (bound volume or other part) Damaged status Home library Current library Shelving location Date acquired Source of acquisition Sub Shelving location Total Checkouts Full call number Barcode Date last seen Price effective from Koha item type Date checked out
    Library of Congress Classification     College Library College Library General Circulation Section 09/09/2015 Donation   3 RT 41 .M488 2008 vol.2 C19993 05/15/2018 09/09/2015 Books 10/20/2017
    Library of Congress Classification vol.1   Southville International School Affiliated with Foreign Universities Library Southville International School Affiliated with Foreign Universities Library Southville Foreign University Section 04/30/2015 Donation     RT 41 .M488 2008 vol.1 SFU1837 05/15/2018 04/30/2015 Books  

Medical-surgical nursing :

APA

(2008). Medical-surgical nursing. Singapore: Elsevier.

Chicago

2008. Medical-surgical nursing. Singapore: Elsevier.

Harvard

(2008). Medical-surgical nursing. Singapore: Elsevier.

MLA

Medical-surgical nursing. Singapore: Elsevier. 2008.

  • Place hold
  • Print
  • Cite
  • Add to your cart (remove)
  • Save record
    BIBTEX Dublin Core MARCXML MARC (non-Unicode/MARC-8) MARC (Unicode/UTF-8) MARC (Unicode/UTF-8, Standard) MODS (XML) RIS
  • More searches
    Search for this title in:
    Other Libraries (WorldCat) Other Databases (Google Scholar) Online Stores (Bookfinder.com) Open Library (openlibrary.org)

Exporting to Dublin Core...

SOUTHVILLE LIBRARY

Southville International School and Colleges Library

1281 Tropical Ave. Cor. Luxembourg St., BF Homes International, Las Pinas City

Tel. No. 8256374 / 252358 Loc. 117/146

Powered by Koha